书目信息 |
| 题名: |
法治政府的建构《全面推进依法行政实施纲要》解读
|
|
| 作者: | 江必新 主编 | |
| 分册: | ||
| 出版信息: | 北京 中国青年出版社 2004.05 |
|
| 页数: | 434页 | |
| 开本: | 21cm | |
| 丛书名: | ||
| 单 册: | ||
| 中图分类: | D922.114 | |
| 科图分类: | ||
| 主题词: | 行政执法--公务员--培训--中国--教材 | |
| 电子资源: | ||
| ISBN: | 7-5006-5782-X | |
| 000 | 01083nam0 2200241 4500 | |
| 001 | 192004003425 | |
| 005 | 20070905134019.00 | |
| 010 | @a7-5006-5782-X@dCNY23.00 | |
| 100 | @a20070602d2004 ekmy0chiy0121 ea | |
| 101 | 0 | @achi |
| 102 | @aCN@b110000 | |
| 105 | @ay z 000yy | |
| 200 | 1 | @a法治政府的建构《全面推进依法行政实施纲要》解读@Afa zhi zheng fu de jian gou《 quan mian tui jin yi fa xing zheng shi shi gang yao》 jie du@f江必新主编 |
| 210 | @a北京@c中国青年出版社@d2004.05 | |
| 215 | @a434页@d21cm | |
| 300 | @a其他题名:法治政府的建构全面推进依法行政实施纲要解读 | |
| 330 | @a本书共分十一章,介绍了依法行政的意义、依法行政的要求、行政职能的转变、行政体制的改革、科学民主决策机制的健全、行政立法的规范、执法行为的规制、矛盾冲突的调处、执法环境的改善等。 | |
| 517 | 1 | @a法治政府的建构全面推进依法行政实施纲要解读@Afa zhi zheng fu de jian gou quan mian tui jin yi fa xing zheng shi shi gang yao jie du |
| 606 | 0 | @a行政执法@x公务员@x培训@y中国@j教材 |
| 690 | @aD922.114@v4 | |
| 701 | 0 | @a江必新@Ajiang bi xin@4主编 |
| 801 | 0 | @aCN@c20070905 |
| 905 | @dD922.114@eJ357 | |
| 法治政府的建构《全面推进依法行政实施纲要》解读/江必新主编.-北京:中国青年出版社,2004.05 |
| 434页;21cm |
| 其他题名:法治政府的建构全面推进依法行政实施纲要解读 |
| ISBN 7-5006-5782-X:CNY23.00 |
| 本书共分十一章,介绍了依法行政的意义、依法行政的要求、行政职能的转变、行政体制的改革、科学民主决策机制的健全、行政立法的规范、执法行为的规制、矛盾冲突的调处、执法环境的改善等。 |
| ● |
| 相关链接 |
|
|
|
正题名:法治政府的建构《全面推进依法行政实施纲要
索取号:D922.114/J357
 
预约/预借
| 序号 | 登录号 | 条形码 | 馆藏地/架位号 | 状态 | 备注 |
| 1 | 616606 | 206166067 | 社科库509/509社科库 84排9列2层/ [索取号:D922.114/J357] | 在馆 | |
| 2 | 616607 | 206166076 | 社科库509/509社科库 84排9列2层/ [索取号:D922.114/J357] | 在馆 | |
| 3 | 616608 | 206166085 | 社科库509/509社科库 84排9列2层/ [索取号:D922.114/J357] | 在馆 |